Approaches to managing co-production for the co-creation of value in a museum setting: when authenticity matters (Record no. 315965)
[ view plain ]
| 000 -LEADER | |
|---|---|
| fixed length control field | 00477nam a2200145Ia 4500 |
| 008 - FIXED-LENGTH DATA ELEMENTS--GENERAL INFORMATION | |
| fixed length control field | 170224s9999 xx 000 0 und d |
| 100 ## - MAIN ENTRY--PERSONAL NAME | |
| Personal name | Maree Thyne |
| 245 ## - TITLE STATEMENT | |
| Title | Approaches to managing co-production for the co-creation of value in a museum setting: when authenticity matters |
| 245 ## - TITLE STATEMENT | |
| Statement of responsibility, etc | Maree Thyne & Anne-Marie Hede |
| 260 ## - PUBLICATION, DISTRIBUTION, ETC. (IMPRINT) | |
| Name of publisher, distributor, etc | Journal of Marketing Research |
| 260 ## - PUBLICATION, DISTRIBUTION, ETC. (IMPRINT) | |
| Date of publication, distribution, etc | 2016 |
| 300 ## - PHYSICAL DESCRIPTION | |
| Extent | 32:15-16,Pages: 1478-1493 |
| 500 ## - GENERAL NOTE | |
| General note | November |
| 650 ## - SUBJECT ADDED ENTRY--TOPICAL TERM | |
| General subdivision | Marketing. |
| Withdrawn status | Lost status | Damaged status | Home library | Current library | Date acquired | Total Checkouts | Date last seen | Price effective from | Koha item type |
|---|---|---|---|---|---|---|---|---|---|
| College Library | College Library | 02/24/2017 | 02/24/2017 | 02/24/2017 | Periodicals |